Catalogue de la Bibliothèque de l'ENSA

Elevage de chameaux en Afrique du Nord (notice nᵒ 11944)

détails MARC
000 -LEADER
fixed length control field 00653nam a2200181Ia 4500
008 - FIXED-LENGTH DATA ELEMENTS--GENERAL INFORMATION
fixed length control field 160105s9999 xx 000 0 und d
020 ## - INTERNATIONAL STANDARD BOOK NUMBER
International Standard Book Number 978-2-10-053449-4%978-2-10-055
041 ## - LANGUAGE CODE
Language code of text/sound track or separate title fre
245 ## - TITLE STATEMENT
Title Elevage de chameaux en Afrique du Nord
260 ## - PUBLICATION, DISTRIBUTION, ETC.
Name of publisher, distributor, etc Office allemand pour la coopération technique
260 ## - PUBLICATION, DISTRIBUTION, ETC.
Date of publication, distribution, etc 1975
300 ## - PHYSICAL DESCRIPTION
Other physical details ill., réf., tabl., graph.
500 ## - GENERAL NOTE
General note Cote d'origine affectée par la BC : BC_617 79 devient PA_636.295 (66) BU
654 ## - SUBJECT ADDED ENTRY--FACETED TOPICAL TERM
General subdivision CHAMEAU/ELEVAGE/CLIMATOLOGIE/ABATTAGE D'ANIMAUX/MALADIE INFECTIEUSE/TROUBLE DU METABOLISME/ENQUETE/HYGIENE/TUNISIE
942 ## - ADDED ENTRY ELEMENTS (KOHA)
Koha item type Ouvrage
994 ## -
-- 112106
Exemplaires
Withdrawn status Lost status Damaged status Use restrictions Not for loan Home library Current library Cost, normal purchase price Shelving control number Total Checkouts Total Renewals Total Holds Full call number Barcode Cost, replacement price Koha item type
          Département de Productions Animales Département de Productions Animales 0.00         PA_636.295 (66) BUR PA_636.295 (66) BUR 0.00 Ouvrage

Adresse: Ecole Nationale Supérieure Agronomique Hassen Badi - El Harrach Alger, Algérie

Tél +213 (0) 23 82 85 07+213 (0) 23 82 85 12 Fax +213 23 82 85 03/04 Courriel: bibliotheque@edu.ensa.dz